Bharatiya arthaniti. : (Record no. 1219)
[ view plain ]
| 000 -LEADER | |
|---|---|
| fixed length control field | 00543cam a2200205ua 4500 |
| 008 - FIXED-LENGTH DATA ELEMENTS--GENERAL INFORMATION | |
| fixed length control field | 110702n ii |||gr||||Z||||||asm |
| 020 ## - INTERNATIONAL STANDARD BOOK NUMBER | |
| International Standard Book Number | 81-85905-43-6 |
| 040 ## - CATALOGING SOURCE | |
| Transcribing agency | MAIN |
| 082 ## - DEWEY DECIMAL CLASSIFICATION NUMBER | |
| Classification number | 330.954 |
| 100 ## - MAIN ENTRY--PERSONAL NAME | |
| Personal name | Huda, Manirul., |
| 245 ## - TITLE STATEMENT | |
| Title | Bharatiya arthaniti. : |
| Remainder of title | uttar pub anchalar arthaniti soho. / |
| Statement of responsibility, etc. | By Manirul Huda. |
| 250 ## - EDITION STATEMENT | |
| Edition statement | 2nd. |
| 260 ## - PUBLICATION, DISTRIBUTION, ETC. | |
| Place of publication, distribution, etc. | Gowahati.: |
| Name of publisher, distributor, etc. | Students store.,993. |
| 300 ## - PHYSICAL DESCRIPTION | |
| Extent | 96 p.: |
| Dimensions | 20 cm. |
| 700 ## - ADDED ENTRY--PERSONAL NAME | |
| Personal name | Bordoloi, Gopal., |
| 942 ## - ADDED ENTRY ELEMENTS (KOHA) | |
| Koha item type | Books |
| 653 ## - INDEX TERM--UNCONTROLLED | |
| Uncontrolled term | Economics. |
| 653 ## - INDEX TERM--UNCONTROLLED | |
| Uncontrolled term | Bharatiya arthaniti. |
| Withdrawn status | Lost status | Damaged status | Not for loan | Home library | Current library | Shelving location | Date acquired | Total Checkouts | Full call number | Barcode | Date last seen | Copy number | Price effective from | Koha item type | Date last checked out |
|---|---|---|---|---|---|---|---|---|---|---|---|---|---|---|---|
| Central Library, Naharkatiya College | Central Library, Naharkatiya College | General Stacks | 19/09/2020 | 330.954 | HUD | 2710 | 19/09/2020 | 1 | 19/09/2020 | Books | ||||||
| Central Library, Naharkatiya College | Central Library, Naharkatiya College | General Stacks | 19/09/2020 | 1 | 330.954 | HUD | 2712 | 14/11/2023 | 2 | 19/09/2020 | Books | 30/10/2023 |
